00441nam a2200157Ia 4500008004100000040001900041041001200060082002800072100001700100245004300117260004400160300001700204504001900221650002200240850002100262131103s9999 xx 000 0 und d aLoreto College aEnglish a843.09/PEYbLCLIB/14130 aPeyre, Henri aFrench Novelists Of TodaycHenri Peyre aNew YorkbOxford University Pressc1967 a484p c 22cm aIncludes index aFrench literature aLCLIB/843.09/PEY